Countries That Won Both World Wars - Statistics

General Stats
  • This quiz has been taken 51 times
    20 since last reset
  • The average score is 4 of 5
Answer Stats
Country % Correct
France
100%
United Kingdom
100%
United States
100%
Brazil
61%
Greece
50%
No matching quizzes found
Score Distribution
Percent of People with Each Score
Percentile by Number Answered
Your Score History
You have not taken this quiz since the last reset